Loading...
| Fine Arts - Auditory | 0 | 6 | 0 | 1 | 60 | 99 | 123.67 | 1 | 4 | 0.00 | 0.00 |
| Science - Physics | 0 | 3 | 0 | 1 | 30 | 56 | 90.00 | 0 | 2 | 0.00 | 0.00 |
| Science - Other | 1 | 2 | 2 | 1 | 25 | 11 | 79.33 | 1 | 2 | 0.00 | 0.00 |
| Social Science | 0 | 2 | 0 | 1 | 20 | 136 | 139.50 | 0 | 0 | 0.00 | 0.00 |
| Literature - American | 0 | 2 | 0 | 0 | 20 | 111 | 130.50 | 0 | 2 | 0.00 | 0.00 |
| Science - Biology | 1 | 0 | 0 | 0 | 15 | 61 | 61.00 | 0 | 1 | 0.00 | 0.00 |
| Philosophy | 0 | 1 | 0 | 0 | 10 | 85 | 85.00 | 0 | 1 | 0.00 | 0.00 |
| Literature - World | 0 | 1 | 0 | 1 | 10 | 156 | 156.00 | 0 | 0 | 0.00 | 0.00 |
| Science - Chemistry | 0 | 1 | 0 | 0 | 10 | 126 | 126.00 | 0 | 0 | 0.00 | 0.00 |
| History - Ancient/Other | 0 | 1 | 0 | 0 | 10 | 99 | 99.00 | 1 | 1 | 0.00 | 0.00 |
| Fine Arts - Other | 0 | 1 | 2 | 0 | 0 | 135 | 135.00 | 0 | 0 | 0.00 | 0.00 |
| Literature - British | 0 | 0 | 1 | 0 | -5 | 0.00 | 0 | 0 | 0.00 | 0.00 |